000 00808nam a2200193Ia 4500
003 OSt
005 20250217111914.0
008 210719s2011 xx 000 0 und d
040 _cAL
041 _aKonkani
082 _a891.468 BENE
100 _aBENDURCHO TALO
_dಬೆಂದುರ್ಚೊ ತಾಳೊ
_9200237
245 _aEk kutam: pitar salvador noronha bapacha jivitachya amrtotsavacho smaran anko 1936-2011
_bಏಕ್ ಕುಟಮ್: ಪಿತರ್ ಸಾಲ್ವದೊರ್ ನೊರೊನ್ಹಾ ಬಾಪಾಚಾ ಜಿವಿತಾಚ್ಯಾ ಅಮೃತೋತ್ಸವಾಚೊ ಸ್ಮರಣ್ ಅಂಕೊ 1936-2011
260 _aMangalur
_c2011
300 _a120
_bPB
650 _aKonkani Literature
_9200238
650 _aKonkani Miscellaneous
_9200239
942 _2ddc
_cBK
999 _c215618
_d215618